[Event "Polonia Wroclaw Masters Cup-GM"]
[Site "Wroclaw"]
[Date "2019.05.01"]
[Round "4.5"]
[White "Gumularz, Szymon"]
[Black "Kozak, Antoni"]
[Result "1/2-1/2"]
[WhiteElo "2483"]
[BlackElo "2404"]
[Annotator "TA"]
[PlyCount "143"]
[EventDate "2019.04.28"]
[EventType "tourn"]
[EventCountry "POL"]
[SourceTitle "playchess.com"]
[Source "ChessBase"]
[SourceQuality "1"]

{[%evp 15,143,32,37,37,31,38,31,29,33,36,34,30,20,36,24,19,31,26,40,43,37,34,39,7,60,60,60,60,60,60,72,67,77,75,70,72,76,64,78,61,64,45,60,52,48,34,57,45,53,53,142,142,142,142,133,87,84,114,125,115,97,72,72,72,72,72,72,72,72,31,31,8,31,0,31,31,31,31,31,16,72,72,72,72,72,72,72,72,72,72,72,0,72,0,0,0,0,0,0,0,0,0,0,0,0,0,0,0,0,0,0,0,0,0,0,0,51,59,185,0,0,0,0,0,0,0,0,0,0,0]} 1. e4 c6 2. d4 d5 3. e5 Bf5 4. Nf3 e6 5. Be2 c5 6. Be3 cxd4 7. Nxd4 Ne7 8. O-O Nbc6 9. Bb5 {B12: Caro-Kann: Advance Variation} a6 10. Bxc6+ $1 ({Don't play} 10. Nxf5 Nxf5 11. Bxc6+ bxc6 $15) 10... bxc6 (10... Nxc6 11. Nxf5 exf5 12. c3 Be7 13. Nd2 Qd7 14. Nf3 Qe6 15. Qb3 O-O 16. Bb6 Bd8 {½-½ (40) Navara,D (2739)-Radjabov,T (2756) Shamkir 2019}) 11. c4 $1 {White is slightly better.} Qd7 12. Nc3 dxc4 13. Na4 Nd5 14. Nxf5 exf5 15. Rc1 c3 16. Qc2 Rb8 17. Nxc3 Nxe3 18. fxe3 {[#]} Be7 $146 19. Nd1 (19. Rxf5 {is more complex.} O-O 20. b3 Rbd8 21. Ne2 Ba3 22. Rcf1) 19... Rb6 (19... g6 $11) 20. Qxf5 $14 Qxf5 21. Rxf5 O-O 22. b3 Rd8 23. Nb2 Ba3 24. Rc2 {[#] aiming for Nc4.} Bxb2 25. Rxb2 $16 {[%mdl 4096] Endgame KRR-KRR} Rb5 26. Rc2 a5 27. Rxc6 g6 28. Rf2 a4 29. Rd6 Rc8 30. bxa4 Rb1+ 31. Rf1 Rb2 $1 32. Rdf6 Rxa2 ({Black should play} 32... Rc7 $1 $14) 33. Rxf7 Rcc2 34. R7f2 Rxf2 35. Rxf2 Rxa4 {KR-KR} 36. Rf4 Ra5 37. Re4 Kf7 38. e6+ Ke7 39. Kf2 h5 40. h4 Rb5 41. Kf3 Ra5 42. g3 Rb5 43. Kg2 Ra5 44. Kf3 Rb5 45. Ra4 Kxe6 46. Ra6+ Kf7 47. e4 Rb3+ (47... g5 $11 {remains equal.}) 48. Kf4 Rb5 49. Rd6 Ra5 50. Rd5 Ra3 51. Rb5 Ke6 52. Rb6+ Kf7 53. Rd6 Ra5 $1 54. e5 ({White should try} 54. Rd7+ $16 Ke6 55. Rd5) 54... Ra4+ $11 55. Kg5 {[#] Black must now prevent Rf6+.} Rg4+ 56. Kh6 {Rf6+ is the strong threat.} Rxg3 57. Rf6+ Ke7 58. Rxg6 Re3 59. Rg5 ({But not} 59. Kxh5 $6 Rxe5+ 60. Kh6 Kf8 $16) 59... Re4 60. Kxh5 Ke6 61. Rg4 Rxe5+ 62. Kg6 Ke7 63. Kg7 (63. h5 {looks sharper.} Kf8 64. Rg3 Re1 65. Kh7 Kf7 66. Rg7+) 63... Rf5 64. Re4+ Kd7 65. Kg6 (65. Re1 {is interesting.} Rh5 66. Rh1 Ke8 67. Kg6 Rh8 68. h5) 65... Rf1 (65... Rf2 $11 66. h5 Rg2+ 67. Kf7 Rf2+ 68. Kg7 Rg2+ 69. Kf6 Rh2) 66. Re5 {Threatens to win with h5.} Kd6 ({Better is} 66... Rg1+ $14 67. Kh6 Rg4) 67. Rg5 $2 (67. Re3 $18) 67... Ke7 {The position is equal.} 68. Kg7 Rf7+ 69. Kh6 Kf8 70. Ra5 Kg8 71. h5 Rf6+ 72. Kg5 {Accuracy: White = 61%, Black = 72%.} 1/2-1/2

[Event "Polonia Wroclaw Masters Cup-GM"]
[Site "Wroclaw"]
[Date "2019.05.01"]
[Round "5.1"]
[White "Kozak, Antoni"]
[Black "Cukrowski, Filip"]
[Result "0-1"]
[WhiteElo "2404"]
[BlackElo "2421"]
[Annotator "NA"]
[PlyCount "76"]
[EventDate "2019.04.28"]
[EventType "tourn"]
[EventCountry "POL"]
[SourceTitle "playchess.com"]
[Source "ChessBase"]
[SourceQuality "1"]
[TimeControl "40/5400+30:900+30"]

1. d4 {[%emt 0:00:00]} Nf6 {[%emt 0:00:00]} 2. c4 {[%emt 0:00:00]} e6 {[%emt 0:00:00]} 3. Nc3 {[%emt 0:00:00]} Bb4 {[%emt 0:00:03]} 4. Qc2 {[%emt 0:00:00]} O-O {[%emt 0:00:06]} 5. a3 {[%emt 0:00:00]} Bxc3+ {[%emt 0:00:40]} 6. Qxc3 {[%emt 0:00:01]} d6 {[%emt 0:01:06]} 7. f3 {[%emt 0:00:06]} Nbd7 {[%emt 0:01:28]} 8. e4 {[%emt 0:00:51]} e5 {[%emt 0:00:10]} 9. d5 {[%emt 0:05:53]} a5 {[%emt 0:00:12]} 10. Bd3 {[%emt 0:01:55]} Nh5 {[%emt 0:02:04]} 11. Ne2 {[%emt 0:01:06]} Nc5 {[%emt 0:00:26]} 12. Bc2 {[%emt 0:02:59]} Qe7 {[%emt 0:19:58]} 13. Be3 {[%emt 0:01:40]} Bd7 {[%emt 0:06:04]} 14. b4 {[%emt 0:04:57]} Na6 {[%emt 0:03:09]} 15. O-O {[%emt 0:00:44]} g6 {[%emt 0:02:31]} 16. Bd3 {[%emt 0:09:34]} f5 {[%emt 0:00:54]} 17. c5 {[%emt 0:00:15]} f4 {[%emt 0:01:37]} 18. Bf2 {[%emt 0:00:09]} g5 {[%emt 0:00:20]} 19. c6 {[%emt 0:01:18]} bxc6 {[%emt 0:00:19]} 20. dxc6 {[%emt 0:00:07]} Bc8 {[%emt 0:01:36]} 21. b5 {[%emt 0:01:22]} Nc5 {[%emt 0:00:30]} 22. Bxc5 {[%emt 0:00:38]} dxc5 {[%emt 0:00:06]} 23. Rac1 {[%emt 0:00:16]} g4 {[%emt 0:00:14]} 24. Qxc5 {[%emt 0:23:48]} Qg7 {[%emt 0:00:46]} 25. Qd5+ {[%emt 0:06:55]} Kh8 {[%emt 0:00:06]} 26. Rc5 {[%emt 0:00:06]} Re8 {[%emt 0:00:09]} 27. Bc4 {[%emt 0:02:37]} Be6 {[%emt 0:02:07]} 28. Qd3 {[%emt 0:00:06]} Qf8 {[%emt 0:01:36]} 29. Rd5 {[%emt 0:01:30]} Bxd5 {[%emt 0:00:33]} 30. Bxd5 {[%emt 0:00:09]} Nf6 {[%emt 0:01:26]} 31. a4 {[%emt 0:00:46]} gxf3 {[%emt 0:01:20]} 32. gxf3 {[%emt 0:00:27]} Rad8 {[%emt 0:02:07]} 33. Nc3 {[%emt 0:00:47]} Qh6 {[%emt 0:02:18]} 34. Qe2 {[%emt 0:01:30]} Rg8+ {[%emt 0:02:41]} 35. Bxg8 {[%emt 0:02:26]} Rxg8+ {[%emt 0:00:04]} 36. Kh1 {[%emt 0:00:06]} Nh5 {[%emt 0:00:02]} 37. Qf2 {[%emt 0:00:11]} Ng3+ {[%emt 0:00:08]} 38. Kg2 {[%emt 0:00:03]} Nxe4+ {[%emt 0:00:05]} 0-1

[Event "Polonia Wroclaw Masters Cup-GM"]
[Site "Wroclaw"]
[Date "2019.05.01"]
[Round "5.2"]
[White "Pranav Anand"]
[Black "Gumularz, Szymon"]
[Result "0-1"]
[WhiteElo "2359"]
[BlackElo "2483"]
[Annotator "TA"]
[PlyCount "96"]
[EventDate "2019.04.28"]
[EventType "tourn"]
[EventCountry "POL"]
[SourceTitle "playchess.com"]
[Source "ChessBase"]
[SourceQuality "1"]

{[%evp 9,132,89,96,83,109,96,91,60,105,105,106,102,117,78,91,89,91,100,93,84,100,111,117,66,85,46,81,48,50,45,72,72,95,14,29,0,0,-175,-48,-23,-10,-26,-16,-20,-26,-21,0,-7,-8,-7,-5,-22,-20,-23,-23,-97,-23,-31,-41,-59,-52,-66,-29,-29,-29,-29,-29,-29,-29,-43,-27,-87,-66,-93,-96,-166,-149,-145,-154,-156,-135,-140,-135,-189,-181,-363,-342,-489,-464,-413,-392,-345,-272,-904,-827,-802,-783,-646,-431,-1284,-1397,-1698,-1391,-4582,-3012,-29971,-29972,-29980,-29981,-29981,-29982,-29982,-29983,-29983,-29984,-29984,-29985,-29985,-29986,-29986,-29987,-29987,-29988,-29988,-29989]} 1. d4 a6 2. c4 (2. e4 e6 3. Nf3 d5 4. Nbd2 Nf6 5. e5 Nfd7 6. Bd3 c5 7. c3 Nc6 8. O-O g5 9. dxc5 g4 10. Nd4 Ndxe5 11. N2b3 Nxd3 12. Qxd3 e5 13. Re1 Bg7 14. Nxc6 bxc6 15. Nd4 Qf6 {½-½ (43) Sokolov,I (2625)-Bauer,C (2630) Maastricht 2017}) 2... b5 3. Nc3 bxc4 4. e4 e6 $146 ({Predecessor:} 4... Bb7 5. Bxc4 e6 6. Bb3 Nf6 7. Bg5 Be7 8. f3 Nxe4 9. Bxe7 Nxc3 10. Bxd8 Nxd1 11. Bxc7 {½-½ (62) Rozumek,K-Lipinski,T Poznan 1995}) 5. Bxc4 Nf6 6. e5 {A40: Unusual replies to 1 d4} d5 7. exf6 dxc4 8. Bg5 {White is better.} g6 9. Nf3 h6 10. Bh4 Bd6 11. O-O Bb7 12. Re1 g5 13. Bg3 Bxg3 14. hxg3 O-O 15. Ne5 Qxf6 16. Qa4 ({Much less strong is} 16. Nxc4 Nd7 $14) (16. Rc1 $16) 16... Bd5 17. Ne4 {[%mdl 1024] White has strong compensation.} Qg7 18. Nc5 a5 19. a3 h5 20. Rad1 Na6 21. Qxa5 (21. Ne4 $1 $16) 21... f6 22. Nxa6 {Strongly threatening Nf3.} (22. Nxc4 $5 Bxc4 23. Nxe6 Bxe6 24. Rxe6 $14) 22... fxe5 23. Qb5 $2 (23. Rxe5 $11 Qf6 24. Rf1) 23... exd4 (23... c6 $19 24. Qb6 Qf6) 24. Nb4 $1 $15 {[%cal Rb4d5,Ba6b4,Bb4c6,Bc6e5][%mdl 32] [#]} c6 $1 $40 {[%mdl 640] Black has some attack.} 25. Qc5 (25. Nxc6 d3) 25... Qf6 26. f3 d3 27. Nxc6 {White wants to play Ne7+.} Rf7 (27... Qxb2 28. Ne7+ Kh8 29. Nxd5 $16) 28. Ne5 Qe7 29. Qe3 Rg7 30. g4 hxg4 31. Nxg4 Qa7 32. Qxa7 (32. Kf2 $11) 32... Raxa7 (32... Rgxa7 $17 33. Rd2 Rb7) 33. Rd2 Rab7 34. Ne3 Rb3 35. Kf2 Rgb7 36. Nd1 $1 Kg7 37. Ke3 e5 38. Rh1 Bf7 39. Ke4 R3b5 40. a4 {[#]} (40. Kf5 $11) 40... Bg6+ $1 $17 41. Ke3 Rb4 42. a5 (42. Rh3 $17 {was necessary.}) 42... Ra4 43. Nc3 Rxa5 44. Rc1 Kf6 45. g3 Ra8 46. Ne4+ (46. Rh2 $17) 46... Bxe4 $1 $19 47. Kxe4 $2 {[%mdl 4096] Endgame KRR-KRR} (47. fxe4 {was forced.} Rb4 48. Rh2) 47... Rb4 {Threatens to win with ...c3+.} 48. Rc3 g4 {Played: Ra8-a2} 0-1

[Event "Polonia Wroclaw Masters Cup-GM"]
[Site "Wroclaw"]
[Date "2019.05.01"]
[Round "5.4"]
[White "Swayams, Mishra"]
[Black "Sivuk, Vitaliy"]
[Result "1/2-1/2"]
[WhiteElo "2478"]
[BlackElo "2523"]
[Annotator "ChessBase"]
[PlyCount "22"]
[EventDate "2019.04.28"]
[EventType "tourn"]
[EventCountry "POL"]
[SourceTitle "playchess.com"]
[Source "ChessBase"]
[SourceQuality "1"]
[TimeControl "40/5400+30:900+30"]

1. d4 {[%emt 0:00:00]} Nf6 {[%emt 0:00:00]} 2. Nf3 {[%emt 0:00:15]} g6 {[%emt 0:00:00]} 3. Bg5 {[%emt 0:00:24]} Bg7 {[%emt 0:00:00]} 4. Nbd2 {[%emt 0:00:07]} O-O {[%emt 0:00:27]} 5. c3 {[%emt 0:00:03]} h6 {[%emt 0:00:14]} 6. Bh4 {[%emt 0:00:16]} d6 {[%emt 0:00:11]} 7. e4 {[%emt 0:00:09]} c5 {[%emt 0:00:09]} 8. dxc5 {[%emt 0:00:18]} dxc5 {[%emt 0:00:07]} 9. Bc4 {[%emt 0:00:09]} Nc6 {[%emt 0:00:10]} 10. Qe2 {[%emt 0:00:09]} Na5 {[%emt 0:04:39]} 11. Bd3 {[%emt 0:00:24]} Nh5 {[%emt 0:01:23]} 1/2-1/2

[Event "Polonia Wroclaw Masters Cup-GM"]
[Site "Wroclaw"]
[Date "2019.05.01"]
[Round "5.5"]
[White "Przybylski, Wojciech"]
[Black "Skawinski, Arkadiusz"]
[Result "1/2-1/2"]
[WhiteElo "2320"]
[BlackElo "2392"]
[Annotator "NA"]
[PlyCount "48"]
[EventDate "2019.04.28"]
[EventType "tourn"]
[EventCountry "POL"]
[SourceTitle "playchess.com"]
[Source "ChessBase"]
[SourceQuality "1"]
[TimeControl "40/5400+30:900+30"]

1. e4 {[%emt 0:00:00]} e5 {[%emt 0:00:00]} 2. Nf3 {[%emt 0:00:00]} Nc6 {[%emt 0:00:00]} 3. Bb5 {[%emt 0:00:53]} a6 {[%emt 0:00:00]} 4. Ba4 {[%emt 0:00:04]} Nf6 {[%emt 0:00:00]} 5. O-O {[%emt 0:00:07]} Be7 {[%emt 0:00:00]} 6. Re1 {[%emt 0:00:21]} b5 {[%emt 0:00:28]} 7. Bb3 {[%emt 0:00:04]} d6 {[%emt 0:00:11]} 8. c3 {[%emt 0:00:55]} O-O {[%emt 0:00:07]} 9. d4 {[%emt 0:00:29]} Bg4 {[%emt 0:00:20]} 10. Be3 {[%emt 0:00:14]} Bh5 {[%emt 0:00:07]} 11. h3 {[%emt 0:08:02]} Na5 {[%emt 0:00:17]} 12. Bc2 {[%emt 0:00:28]} Nc4 {[%emt 0:00:10]} 13. Bc1 {[%emt 0:00:42]} Nd7 {[%emt 0:00:26]} 14. b3 {[%emt 0:01:44]} Ncb6 {[%emt 0:00:05]} 15. Nbd2 {[%emt 0:01:28]} Bf6 {[%emt 0:03:13]} 16. Bb2 {[%emt 0:01:54]} Re8 {[%emt 0:08:12]} 17. Nf1 {[%emt 0:06:47]} Bg6 {[%emt 0:10:44]} 18. d5 {[%emt 0:26:55]} Qc8 {[%emt 0:02:31]} 19. Ne3 {[%emt 0:02:29]} c6 {[%emt 0:04:26]} 20. c4 {[%emt 0:02:14]} bxc4 {[%emt 0:08:46]} 21. Nxc4 {[%emt 0:05:13]} Nxc4 {[%emt 0:06:06]} 22. bxc4 {[%emt 0:01:26]} Nb6 {[%emt 0:18:21]} 23. Bb3 {[%emt 0:13:31]} a5 {[%emt 0:01:27]} 24. a4 {[%emt 0:08:04]} c5 {[%emt 0:02:57]} 1/2-1/2

[Event "Polonia Wroclaw Masters Cup-GM"]
[Site "Wroclaw"]
[Date "2019.05.02"]
[Round "6.1"]
[White "Cukrowski, Filip"]
[Black "Skawinski, Arkadiusz"]
[Result "1/2-1/2"]
[WhiteElo "2421"]
[BlackElo "2392"]
[Annotator "TA"]
[PlyCount "56"]
[EventDate "2019.04.28"]
[EventType "tourn"]
[EventCountry "POL"]
[SourceTitle "playchess.com"]
[Source "ChessBase"]
[SourceQuality "1"]

{[%evp 10,56,9,0,6,4,22,-4,-7,-6,-17,-21,-25,-50,-51,-52,-35,-38,-29,-58,-51,-60,-54,-58,-67,-86,-83,-82,-83,-170,-168,-174,-161,-177,-131,-163,-155,-313,-309,-346,-245,-255,-75,-54,-69,-65,-44,-56,0]} 1. Nf3 d5 2. g3 Nf6 3. Bg2 e6 4. c4 Be7 5. O-O O-O 6. d3 b6 {A14: English Opening: 1...e6 with b3 by White} 7. cxd5 Nxd5 8. Nc3 (8. d4 Bb7 9. Re1 c5 10. e4 Nc7 11. Nc3 cxd4 12. Nxd4 Nc6 13. Be3 Nxd4 14. Bxd4 {½-½ (29) Grischuk,A (2771)-Tomashevsky,E (2705) St Petersburg 2018}) 8... Bb7 {The position is equal.} 9. Re1 c5 10. a3 Nc6 11. e4 Nxc3 $146 ({Predecessor:} 11... Nf6 12. Qe2 Nd4 13. Nxd4 cxd4 14. Nd1 e5 15. f4 Bd6 16. f5 Rc8 {0-1 (30) Siluk,Z (2090)-Mettel,W Olsztyn 1995}) 12. bxc3 e5 13. Bb2 Bf6 14. Qc2 Qd7 15. Rad1 Rfe8 16. Nd2 Na5 $1 17. Nf1 Bc6 18. Qe2 Ba4 19. Rd2 (19. Ne3 $17) 19... Bg5 $1 $19 20. Ne3 {[#]} Rad8 $1 21. d4 Nb3 ({Don't play} 21... exd4 22. cxd4 Nb3 23. d5 $17) 22. Rdd1 cxd4 23. f4 $2 (23. Nd5 $17) 23... exf4 24. gxf4 Bxf4 25. Nd5 {[#]} Qd6 $2 (25... Qxd5 $1 $19 {[%mdl 512]} 26. exd5 Rxe2 27. Rxe2 dxc3 {[%mdl 64] Overworked Piece} 28. Bxc3 Nc1 {[%mdl 64] Discovered Attack} 29. Rxc1 Bxc1) 26. Nxf4 $17 Qxf4 {Black is slightly better.} 27. cxd4 Na5 28. Rc1 Nb3 {Accuracy: White = 40%, Black = 59%.} (28... Rc8 $15) 1/2-1/2

[Event "Polonia Wroclaw Masters Cup-GM"]
[Site "Wroclaw"]
[Date "2019.05.02"]
[Round "6.2"]
[White "Sivuk, Vitaliy"]
[Black "Przybylski, Wojciech"]
[Result "1/2-1/2"]
[WhiteElo "2523"]
[BlackElo "2320"]
[Annotator "TA"]
[PlyCount "155"]
[EventDate "2019.04.28"]
[EventType "tourn"]
[EventCountry "POL"]
[SourceTitle "playchess.com"]
[Source "ChessBase"]
[SourceQuality "1"]

{[%evp 14,155,39,8,12,16,28,24,54,13,40,19,23,23,21,22,18,0,50,30,39,45,49,34,33,38,40,29,47,38,42,20,16,13,4,16,51,22,62,23,75,77,106,32,42,42,50,42,56,32,46,41,35,41,38,10,8,16,28,0,0,0,7,0,24,0,37,39,36,37,66,50,75,72,85,78,84,83,81,82,89,7,216,0,0,0,0,0,0,0,29,0,0,0,79,67,51,0,16,20,15,0,0,0,0,0,0,0,0,0,0,-8,-8,-8,-8,-8,0,0,0,0,0,0,8,0,0,0,0,0,0,0,0,0,0,0,0,0,0,0,0,0,0,0,0,0]} 1. d4 d5 2. Nf3 Nf6 3. c4 c6 4. e3 Bf5 5. Nc3 e6 6. Nh4 Bg6 7. Nxg6 hxg6 8. Bd3 Nbd7 {D12: Slav Defence: 3 Nf3 Nf6 4 e3 Bf5} 9. O-O Bd6 10. h3 O-O {White has an edge.} (10... Qe7 11. e4 dxe4 12. Bxe4 O-O 13. Bg5 Qd8 14. Re1 Qc7 15. Qf3 Bb4 {1-0 (38) Kramnik,V (2808)-Giri,A (2771) Leuven 2017}) 11. Qc2 Qe7 12. Bd2 Bc7 $146 ({Predecessor:} 12... dxc4 13. Bxc4 Rac8 14. Rfd1 a6 15. Ne4 Nxe4 16. Qxe4 {½-½ (60) Gomez Ledo,R (2429)-Ghosh,D (2468) Barcelona 2014}) 13. Rac1 Rfd8 14. Rfd1 Rac8 15. Be1 Bb8 16. Qb3 dxc4 17. Bxc4 Nb6 18. Bf1 e5 19. dxe5 Bxe5 20. g3 Nbd5 21. Ne2 Rd7 22. Bg2 Rcd8 23. e4 Nb6 24. Rxd7 Rxd7 25. Qc2 Rd8 26. b4 (26. f4 $5 {[%cal Rf4e5]} Bc7 27. Bf2 $14) 26... Qd7 (26... g5 $11 {remains equal.}) 27. a4 $16 a6 28. Kf1 (28. f4 $1 $16 {[%cal Rf4e5]} Bd4+ 29. Nxd4 Qxd4+ 30. Kh2) 28... Ne8 29. f4 Bb8 30. Bf2 Nc8 31. Nd4 Ba7 32. Nb3 Bxf2 33. Kxf2 Nc7 34. Qc3 Ne6 35. Bf3 Nd6 {[%cal Bc8d6,Bd6e8,Be8f6][%mdl 32]} 36. Qe3 Qe7 37. h4 Ne8 38. Qc3 Nf6 39. Rc2 Qc7 40. Kg2 Qe7 41. Rd2 Kf8 42. Rxd8+ Nxd8 43. e5 Nd7 44. a5 Ne6 45. Bg4 Nc7 46. Qd4 Nd5 47. Kh3 (47. Bh3 $16) 47... Ke8 $2 {[#]} (47... f5 $1 $11 {and Black is okay.} 48. Be2 Qxb4 49. Qxb4+ Nxb4) 48. Nc5 $2 (48. b5 $1 $18 {[%mdl 512]}) 48... Nxc5 $11 49. bxc5 Kd8 50. Bf3 Qd7+ 51. Kg2 Kc7 52. g4 Kc8 53. Kg3 Qd8 (53... Kd8 $1 $11 {keeps the balance.}) 54. Qd2 $16 Qd7 55. Be4 (55. h5 $14) 55... Nf6 {The position is equal.} 56. Qxd7+ Nxd7 $11 {[%mdl 4096] Endgame KB-KN} 57. Bd3 {With the idea Bc4.} Kd8 $1 58. e6 fxe6 59. Bxg6 Nxc5 {aiming for ...Nb3.} 60. Bc2 Ke7 61. g5 Nd7 62. Kf3 b6 63. axb6 Nxb6 64. Ke4 Nc4 65. Kd4 Nb6 66. h5 Nd5 67. Ke5 Nb4 68. h6 gxh6 69. gxh6 {Threatens to win with h7.} Kf7 70. Be4 {Strongly threatening h7.} Nd5 71. Bxd5 cxd5 {K3P-KPP} 72. h7 Kg7 73. Kxe6 d4 74. f5 d3 75. f6+ Kxh7 76. f7 d2 $1 (76... Kg7 77. Ke7 Kg6 78. f8=Q d2 79. Qf6+ Kh5 80. Qf5+ Kh4 81. Qf4+ Kh3 82. Qxd2) 77. f8=Q {Kf6 would kill now.} d1=Q 78. Qf5+ {Accuracy: White = 61%, Black = 51%.} 1/2-1/2

[Event "Polonia Wroclaw Masters Cup-GM"]
[Site "Wroclaw"]
[Date "2019.05.02"]
[Round "6.3"]
[White "Tazbir, Marcin"]
[Black "Swayams, Mishra"]
[Result "0-1"]
[WhiteElo "2540"]
[BlackElo "2478"]
[Annotator "TA"]
[PlyCount "64"]
[EventDate "2019.04.28"]
[EventType "tourn"]
[EventCountry "POL"]
[SourceTitle "playchess.com"]
[Source "ChessBase"]
[SourceQuality "1"]

{[%evp 14,64,54,68,129,41,39,47,37,31,35,-8,0,-10,-12,-17,-12,-15,0,0,19,-59,-74,-94,-62,-131,-135,-122,-94,-96,-84,-75,-80,-218,-225,-229,-208,-252,-266,-414,-423,-1238,-1316,-1333,-235,-235,0,-1333,-1333,-1329,-1328,-1256,-1250]} 1. e4 e5 2. Nf3 Nc6 3. Bb5 a6 4. Ba4 d6 5. c3 f5 6. exf5 Bxf5 7. O-O Bd3 8. Re1 Nf6 {C74: Ruy Lopez: Deferred Steinitz: 5 c3 f5} (8... Be7 $14) (8... Be7 9. Bc2 Bxc2 10. Qxc2 Nf6 11. d4 e4 12. Ng5 d5 13. Nd2 Nh5 14. Ndxe4 dxe4 15. Qxe4 Nf6 16. Qc2 Qd7 17. Ne6 Kf7 18. Bf4 Rhc8 19. Qb3 Qd5 20. Nxc7 Qxb3 21. axb3 {1-0 (44) Kamsky,G (2666)-Sychev,K (2537) St Petersburg 2018}) 9. Re3 (9. Qb3 b5 $17) (9. Nd4 $1 $16 {[%cal Rd4c6]} e4 10. Nxc6 bxc6 11. Bxc6+ {[%mdl 64] Double Attack} Kf7 12. Bxa8 Qxa8 13. Na3) 9... e4 $14 10. Ne1 Bxb1 $146 {White is slightly better.} ({Predecessor:} 10... Be7 11. Nxd3 exd3 12. Rxd3 O-O 13. Re3 Ne5 14. d4 Neg4 15. Re2 d5 16. Nd2 {1-0 (29) Fernando,D (2257)-Mitkov,M (2402) Lisbon 2000}) 11. Rxb1 d5 12. f3 Bd6 13. fxe4 dxe4 14. d4 O-O 15. Rh3 Qd7 16. Nc2 Kh8 (16... b5 $5 17. Bb3+ $8 Kh8 $11) 17. Ne3 (17. Bg5 $11) 17... b5 $15 18. Bc2 Ne7 19. Qe2 (19. Nf1 $15) 19... Rae8 $17 20. Nf1 Ng6 21. Be3 Bf4 22. Re1 Ng4 23. Bd1 (23. Rh5 $17) 23... Nxe3 $19 24. Nxe3 Bh6 25. Rg3 Nf4 26. Qg4 {[#]} (26. Qd2 $142) 26... Qf7 $1 ({Weaker is} 26... Qxg4 27. Bxg4 Nd3 28. Rb1 $17) 27. Bb3 {[#]} (27. Nf5 $142 Qxf5 28. Qxf5 Rxf5 29. Bc2) 27... Nh3+ $1 {[%mdl 512]} 28. Kh1 {[#]} (28. gxh3 Qf2+) 28... Nf2+ $2 (28... Qf2 $1 {[%mdl 512]} 29. Qe2 Qxe2 30. Rxe2 Bxe3) 29. Kg1 {[#]} Nh3+ $1 $40 {[%mdl 640] Black mounts an attack.} 30. Kh1 {[#]} (30. gxh3 Qf2+) 30... Qf2 $1 {[%csl LRb2,LRe1][%mdl 576] Double Attack. Black is clearly winning.} 31. Qe2 Qxe2 32. Rxe2 Bxe3 {Accuracy: White = 45%, Black = 76%.} 0-1

[Event "Polonia Wroclaw Masters Cup-GM"]
[Site "Wroclaw"]
[Date "2019.05.02"]
[Round "6.4"]
[White "Gumularz, Szymon"]
[Black "Kantans, Toms"]
[Result "1-0"]
[WhiteElo "2483"]
[BlackElo "2513"]
[Annotator "TA"]
[PlyCount "105"]
[EventDate "2019.04.28"]
[EventType "tourn"]
[EventCountry "POL"]
[SourceTitle "playchess.com"]
[Source "ChessBase"]
[SourceQuality "1"]

{[%evp 21,105,10,17,0,0,6,0,0,11,0,9,13,10,0,16,0,29,29,29,29,30,26,30,29,25,11,29,26,29,25,18,27,40,0,0,-11,0,0,18,18,20,0,56,0,0,0,0,0,0,0,0,0,0,0,0,0,0,-133,133,133,133,146,141,47,27,27,353,329,326,210,295,283,319,239,210,226,720,425,723,714,29984,29985,29995,494,29996,29997]} 1. e4 c5 2. Nf3 e6 3. d4 cxd4 4. Nxd4 Nc6 5. Nc3 Qc7 6. g3 a6 7. Bg2 Nf6 8. O-O Bc5 9. Nxc6 dxc6 10. Na4 Ba7 11. c4 Nd7 12. e5 {B47: Sicilian: Taimanov: 5 Nc3 Qc7 6 f4, 6 g3 and 6 Be2} (12. Qg4 O-O 13. Bf4 Qa5 14. Nc3 Bd4 15. Rad1 Nf6 16. Qh4 e5 17. Bg5 Nd7 18. Bd2 Qd8 19. Qxd8 Rxd8 {0-1 (63) Saric,I (2695)-Reshetnikov,A (2492) St Petersburg 2018}) 12... Qxe5 13. Bf4 Qd4 14. Qc2 $146 {The position is equal.} ({Predecessor:} 14. Qe2 O-O 15. Rad1 Qf6 16. Bd6 Re8 17. Kh1 Bd4 18. c5 a5 {½-½ (18) Turudic,N (2233)-Garic,R (2210) Serbia 2006}) 14... O-O 15. Rad1 Qf6 16. Bd6 Re8 17. c5 Qg6 18. Be4 f5 19. Bd3 Nf6 20. Rfe1 Nd5 21. Qb3 Rd8 22. Be5 Qf7 23. Kh1 Qf8 24. Rc1 Bb8 25. f4 Bxe5 26. Rxe5 Kh8 27. Bb1 Rb8 28. Nb6 Nxb6 29. Qxb6 Rd2 30. Qb4 Rd5 31. a3 b6 ({Better is} 31... Rxe5 $11 32. fxe5 Qd8) 32. Ba2 (32. Rxd5 $1 $14 a5 33. Rxf5 exf5 34. Qd4) 32... a5 33. Qe1 $40 {[%mdl 128] White has some attack.} Rxc5 34. Rexc5 bxc5 35. Qxa5 Qd6 ({Don't go for} 35... Rxb2 $2 36. Rd1 $18) 36. Qe1 Ba6 37. Qxe6 Qd2 38. Re1 {Intending Qe8+! and mate.} h6 39. h3 (39. Qe3 $11 {keeps the balance.} Qxe3 40. Rxe3) 39... Qxb2 $2 {[%mdl 8192]} (39... c4 $1 $17 {and life is bright.} 40. Bb1 c5) 40. Rb1 $16 Qxb1+ 41. Bxb1 Rxb1+ {[%mdl 4096] Endgame KQ-KRB} 42. Kg2 (42. Kh2 $1 $16) 42... Bd3 $1 $14 43. g4 Rb2+ $2 {[%mdl 8192] [#]} (43... c4 $1 $11) 44. Kg3 $1 $18 Be4 45. g5 {Qe8+ would kill now.} ({Weaker is} 45. gxf5 Bd5 $18) 45... hxg5 (45... Rg2+ {is a better defense.} 46. Kh4 Kh7) 46. fxg5 Rg2+ 47. Kh4 {Strongly threatening g6.} Kh7 48. Qf7 {[%mdl 1024] White has strong compensation.} Rf2 $2 {[#]} (48... c4 49. Qxc4 Rf2) 49. Qh5+ $1 Kg8 {intending ...Rf4+.} 50. g6 {And now Qg5 would win.} Bd5 51. Qg5 {[%cal Rg5d8]} Kh8 52. Qd8+ Bg8 53. Kg3 {Accuracy: White = 57%, Black = 47%.} 1-0